Harry Potter and the Deathly Hallows.

Сохранить в:
Библиографические подробности
Главный автор: Rowling, J. K (Автор)
Формат: Неизвестно
Язык:английский
Опубликовано: London, United Kingdom: Bloomsbury Publishing Plc, 2014.
Серии:The Harry Potter Series, 7.
Предметы:
Метки: Добавить метку
Нет меток, Требуется 1-ая метка записи!

MARC

LEADER 00000 a2200000 4500
003 CL-VaPUC
005 20221201172844.0
008 221128t2014 ||||| |||| 00| 0 eng d
999 |c 439202  |d 439200 
020 |a 978-1408855713 (pbk) 
040 |c Pontificia Universidad Católica de Valparaíso 
082 7 |a 823 ROW 2014  |2 22 
100 |a Rowling, J. K  |9 554655  |e author 
245 |a Harry Potter and the Deathly Hallows. 
260 |a London, United Kingdom:   |b Bloomsbury Publishing Plc,   |c 2014.  
300 |a 619 páginas.  
490 |a The Harry Potter Series,   |v  7.  
583 |k GC  |c 20221128 
650 0 |a Novelas inglesas  |9 265220 
650 0 |a Novelas juveniles inglesas  |9 462416 
650 0 |a Literatura inglesa   |9 312907 
942 |2 ddc  |c BK 
952 |0 0  |1 0  |2 ddc  |4 0  |6 823_000000000000000_ROW_2014  |7 0  |8 A  |9 587945  |a BIBEDU  |b BIBEDU  |c GEN  |d 2022-11-25  |e 74  |g 17835.00  |i 5655809  |o 823 ROW 2014  |p 5655809  |r 2022-11-25  |t 1  |v 17835.00  |w 2022-11-25  |y BK  |k LIT 
952 |0 0  |1 0  |2 ddc  |4 0  |6 823_000000000000000_ROW_2014  |7 0  |8 A  |9 587946  |a BIBEDU  |b BIBEDU  |c GEN  |d 2022-11-25  |e 74  |g 17835.00  |i 5655810  |l 1  |o 823 ROW 2014  |p 5655810  |r 2024-04-23  |s 2024-04-23  |t 2  |v 17835.00  |w 2022-11-25  |y BK  |k LIT